BIBLIOTHÈQUE DE LA MAISON DU MEXIQUE

Logo 1 Logo 2

Arquitectura y gobierno virreinal (notice nᵒ 1286)

détails MARC
000 -Sello discográfico
campo de control de longitud fija 01190nam a2200325 4500
005 - Identificación de versión
campo de control 20251016082710.0
010 ## - Número Estándar Internacional de Libros (ISBN)
Número (ISBN) 968-837-190-4
035 ## - Otros números de control del sistema
Número de control del sistema 18923
099 ## - fechas locales
Tipo de ítem Koha LIBRO
100 ## - Datos de procesamiento general
Datos de procesamiento general 19961021d1985 m y1spay5003 ba
105 ## - Campo de datos codificados: Material textual, monográfico
Datos codificados de monografía a 001zy
200 1# - Título y mención de responsabilidad
Título propio Arquitectura y gobierno virreinal
Designación general del material texto impreso
Otra información del título los maestros mayores de la ciudad de México : siglo XVII
Primer mención de responsabilidad Martha Fernández
205 ## - Declaración de edición
Declaración de edición 1a ed
210 ## - Publicación, distribución, etc.
Lugar de publicación, distribución, etc. México
Nombre del editor, distribuidor, etc. Universidad Nacional Autónoma de México, Instituto de Investigaciones Estéticas
Fecha de publicación, distribución, etc. 1985
215 ## - Descripción física
Designación de material específico y extensión del ítem 418 p
Otras características físicas il., fotos
Dimensiones 21 cm
300 ## - Notas generales
Texto de la nota Incluye bibliografía, índice de artistas e índice de obras
345 ## - Nota de información de adquisición
Fuente de adquisición/dirección de la suscripción [OBSOLETO] Donación de la UNAM
410 #1 - Series
Título Estudios y Fuentes del Arte en México
Número de volumen 45
606 ## - Término temático usado como materia
Elemento de entrada Arquitectos mexicanos
Subdivisión temática Biografía
Número Koha 3378
606 ## - Término temático usado como materia
Elemento de entrada Arquitectura
Subdivisión geográfica México
Subdivisión temática Historia
Subdivisión cronológica Siglo XVII
Número Koha 3379
660 ## - Código de área geográfica
Código MX
700 ## - Nombre personal - Responsabilidad primaria
Elemento de entrada Fernández García
Parte del nombre distinta del elemento de entrada Martha Raquel
Número Koha 1326
801 #0 - Fuente de origen
Agencia cm
900 ## -
-- 1/13340
900 ## -
-- 710962836\\211096
942 ## - ELEMENTOS DE ENTRADA SECUNDARIOS (KOHA)
Tipo de ítem Koha Livre
996 ## -
-- MEX
-- 751145101
-- MMAG
-- 003365
-- 709.72 E82 V.45
-- 20201026LIV
Exemplaires
Estatus retirado Estado de daño Estado de pérdida Fecha de adquisición Biblioteca de origen Biblioteca actual Ubicación en estantería Código de barras Precio de reemplazo Signatura topográfica completa No para préstamo Tipo de ítem Koha Nota pública Nota no pública
      05/08/2025 Casa México Paris Casa México Paris   003365 05/08/2025 709.72 E82 V.45   Livre 20201026LIV 751145101